Communes CA Baux-Alpilles - Statistiques

Statistiques générales
  • Ce quiz a été pris 14 fois
  • Le résultat moyen est 9 sur 10
Statistiques - réponses
Réponse % Correct
Les-Baux-de-Provence
100%
Saint-Rémy-de-Provence
100%
Eygalières
88%
Fontvieille
88%
Mas-Blanc-des-Alpilles
88%
Mouriès
88%
Saint-Étienne-du-Grès
88%
Aureille
75%
Maussanne-les-Alpilles
75%
Paradou
75%
Aucun quiz correspondant
Distribution des résultats
% des personnes avec chaque résultat
Percentile par nombre de réponses
Votre historique - résultats
Vous n’avez pas pris ce quiz